000 00931nam a2200217Ia 4500
001 18797
003 GE_BSU
008 181216s||||||||xx |||||||||||||| ||und||
040 _cGE_BSU
245 _aბუღალტრული აღრიცხვა : №5(233). 2016
245 _bსაქართველოს პროფესიონალ ბუღალტერთა და აუდიტორთა ფედერაცია.
245 _cმთავარი რედაქტორი ლავრენტი ჭუმბურიძე.გამოც.რედ:მანანა გველესიანი.
260 _aთბილისი
260 _c2016
300 _a64გვ;29სმ;
520 _aACCA
653 _aბუღალტერია
653 _aბუღალტრული აღრიცხვა.
653 _aპერიოდიკა
942 _cCR
999 _c51802
_d51802